|
|
|
|
| LEADER |
00000nam0a2200000 4500 |
| 001 |
157433 |
| 005 |
20231101221950.0 |
| 035 |
|
|
|a (RuTPU)RU\TPU\book\170772
|
| 090 |
|
|
|a 157433
|
| 100 |
|
|
|a 20090408d1962 k y0rusy50 ca
|
| 101 |
0 |
|
|a rus
|
| 102 |
|
|
|a RU
|
| 105 |
|
|
|a ac z 001zb
|
| 200 |
1 |
|
|a Рукописные материалы Л. Эйлера в Архиве Академии наук СССР
|e научное описание
|v Том 1
|f Академия наук СССР (АН СССР) ; сост. Ю. Х. Копелевич, М. В. Крутикова, Г. К. Михайлов и Н. М. Раскин ; под ред. Г. А. Князева, В. И. Смирнова,Г. К. Михайлова и А. П. Юшкевича
|
| 210 |
|
|
|a Москва
|a Ленинград
|c Изд-во АН СССР
|d 1962
|
| 215 |
|
|
|a 428 с.
|c портр.
|
| 225 |
1 |
|
|a Труды Архива
|h Вып.17
|
| 320 |
|
|
|a Библиогр.: с.352-407
|
| 320 |
|
|
|a Имен. указ.: с. 408-422
|
| 320 |
|
|
|a Указатель русской транскрипции иностранных фамилий: с. 423-425.
|
| 600 |
|
1 |
|a Эйлер
|g Леонард
|f 1717-1783
|b Л.
|c российский учёный швейцарского происхождения
|c математик
|c физик
|c механик
|c астроном
|2 stltpush
|3 (RuTPU)RU\TPU\pers\525
|
| 600 |
|
1 |
|a Эйлер
|b И. А.
|c российский математик и астроном
|c сын Леонарда Эйлера
|f 1734-1800
|g Иоганн Альбрехт
|2 stltpush
|3 (RuTPU)RU\TPU\pers\16140
|9 5703
|
| 610 |
1 |
|
|a математика
|
| 610 |
1 |
|
|a механика
|
| 610 |
1 |
|
|a астрономия
|
| 610 |
1 |
|
|a геодезия
|
| 610 |
1 |
|
|a физика
|
| 610 |
1 |
|
|a эпистолярное наследие
|
| 610 |
1 |
|
|a научные книги
|
| 610 |
1 |
|
|a история научной книги
|
| 610 |
1 |
|
|a Россия
|
| 610 |
1 |
|
|a 18 век
|
| 610 |
1 |
|
|a Петербургская Академия наук
|
| 610 |
1 |
|
|a Берлинская академия наук
|
| 675 |
|
|
|a 51(09)
|v 3
|
| 702 |
|
1 |
|a Копелевич
|b Ю. Х.
|4 220
|
| 702 |
|
1 |
|a Крутикова
|b М. В.
|4 220
|
| 702 |
|
1 |
|a Михайлов
|b Г. К.
|4 220
|4 340
|
| 702 |
|
1 |
|a Раскин
|b Н. М.
|4 220
|4 340
|
| 702 |
|
1 |
|a Князев
|b Г. А.
|4 340
|
| 702 |
|
1 |
|a Смирнов
|b В. И.
|4 340
|
| 702 |
|
1 |
|a Юшкевич
|b А. П.
|c российский историк математики
|c математик
|f 1906-1993
|g Адольф Павлович
|2 stltpush
|3 (RuTPU)RU\TPU\pers\12067
|4 340
|9 3151
|
| 712 |
0 |
2 |
|a Академия наук СССР (АН СССР)
|2 stltpush
|3 (RuTPU)RU\TPU\col\722
|
| 801 |
|
1 |
|a RU
|b 63413507
|c 20090408
|g PSBO
|
| 801 |
|
2 |
|a RU
|b 63413507
|c 20221122
|g PSBO
|
| 942 |
|
|
|c BK
|